النظام المحاسبي الموحد / (رقم التسجيلة. 17949)

تفاصيل مارك
000 -LEADER
fixed length control field 00646nam a22001817a 4500
005 - DATE AND TIME OF LATEST TRANSACTION
control field 20251108164935.0
008 - FIXED-LENGTH DATA ELEMENTS--GENERAL INFORMATION
fixed length control field 250721s1993 xx 000 0 ara d
082 14 - DEWEY DECIMAL CLASSIFICATION NUMBER
Classification number 657/حلم
100 1# - MAIN ENTRY--PERSONAL NAME
Personal name سلام، حلمي
245 10 - TITLE STATEMENT
Title النظام المحاسبي الموحد /
264 1# - PRODUCTION, PUBLICATION, DISTRIBUTION, MANUFACTURE, AND COPYRIGHT NOTICE
Place of production, publication, distribution, manufacture القاهره :
Name of producer, publisher, distributor, manufacturer جامعة القاهره - التعليم المفتوح،
Date of production, publication, distribution, manufacture, or copyright notice 1993.
300 ## - PHYSICAL DESCRIPTION
Extent 200ص
490 0# - SERIES STATEMENT
Series statement دراسات بكالوريوس التجارة في المعاملات المالية و التجارية
650 17 - SUBJECT ADDED ENTRY--TOPICAL TERM
Topical term or geographic name as entry element المحاسبة
700 1# - ADDED ENTRY--PERSONAL NAME
Personal name مصطفى، عبد العزيز السيد
942 ## - ADDED ENTRY ELEMENTS (KOHA)
Source of classification or shelving scheme Dewey Decimal Classification
Koha item type كتب
المقتنيات
حالة السحب حالة الفقدان مصدر التصنيف حالة التلف غير قابل للإعارة المكتبة الرئيسية المكتبة الحالية موقع الرف تاريخ التزويد الرقم المتسلسل Total Checkouts رقم الإستدعاء الباركود تاريخ آخر ظهور تاريخ الفاتورة نوع المادة (كوها)
    Dewey Decimal Classification     المكتبة المركزية المكتبة المركزية الإعارة 06/07/2004 203767   657/حلم 203767 28/07/2025 06/07/2004 كتب
    Dewey Decimal Classification Unchecked   مكتبة الأميرة ايمان العامة مكتبة الأميرة ايمان العامة الإعارة 06/07/2004 3828   657/حلم   28/07/2025 06/07/2004 كتب
Implemented & Customized by: BBB with SCIT (Smart Chains for Information Technology)

Powered by Koha